000 00338nam a2200133 i 4500
001 bg
100 1 _aSOLOWEW, A. J.
245 0 _aRascet mechaniceskich elementow radiotechniceskich ustrojstw /
_cA.J. Solowew.
260 _aMoskwa,
_c1972.
040 _cBPK
041 _apol
942 _cKS
008 s pl f |000 0 pol
999 _c15035
_d15035
856 _uhttp://koha.tu.koszalin.pl/cgi-bin/koha/opac-detail.pl?biblionumber=15035
_yKatalog online BPK